The Beauty Industry : Gender, Culture, Pleasure /

Guardado en:
Detalles Bibliográficos
Autor principal: Black, Paula (autor)
Formato: Libro
Idioma:Inglés
Publicado: Londres, Inglaterra : Routledge, 2004, c2004
Temas:
Etiquetas: Agrega una etiqueta
Sin etiquetas, Sé el primero en etiquetar este registro!

MARC

LEADER 00000nam^a2200000^a^4500
001 000173683
005 20260320000000.0
009 20260407171933.821
020 |a 0-415-32157-3 
037 |a Acervo ITESO - Biblioteca 
041 |a ING 
082 |a 746. 9204  |b BLA 
100 |a Black, Paula  |e (autor) 
245 1 4 |a The Beauty Industry :  |b Gender, Culture, Pleasure /  |c P. Black. 
264 4 |a Londres, Inglaterra :  |b Routledge,  |c 2004, c2004 
300 |a IX, 214 p. 
336 |a texto  |b txt  |2 rdacontenido 
337 |a sin mediación  |b n  |2 rdamedio 
338 |a volumen  |b nc  |2 rdasoporte 
585 |a Exposición DIA 2025-03 / El hilo rojo de la violencia 
649 |a XX 
650 |a Mujeres -  |x Cuidado e Higiene 
650 |a Cuerpo Humano -  |x Aspectos Sociales y Culturales 
650 |a Salones de Belleza -  |z Inglaterra 
650 |a Belleza Personal -  |z Inglaterra -  |x Tema Principal 
650 |a Arreglo y Cuidado Personal -  |z Inglaterra -  |x Tema Principal 
650 |a Cosméticos -  |z Inglaterra -  |x Industria y Comercio 
650 |a Sociología de la Cultura 
910 |a Fondo General 
920 |a Impresos - Libros 
930 |a Colección General 
905 |a 101 
901 |a 0500111321  |b IT1  |c ACC  |u 20250521 
902 |a https://opac.biblio.iteso.mx/vufind/Record/000173683